Europa w minutę - Statystyki

Ogólne statystyki
  • Ten quiz został rozwiązany 1 057 razy
  • Średni wynik to 17 z 43
Statystyki odpowiedzi
# Państwo % Poprawnych
28 Polska
93%
26 Niemcy
79%
16 Hiszpania
68%
14 Francja
67%
30 Rosja
65%
29 Portugalia
59%
37 Szwecja
57%
27 Norwegia
55%
10 Czechy
53%
39 Ukraina
53%
22 Łotwa
51%
12 Estonia
49%
13 Finlandia
48%
42 Wielka Brytania
45%
47 Włochy
45%
4 Belgia
44%
34 Słowacja
44%
2 Andora
43%
5 Białoruś
42%
18 Irlandia
39%
11 Dania
38%
17 Holandia
38%
1 Albania
37%
19 Islandia
37%
15 Grecja
34%
3 Austria
33%
35 Słowenia
31%
40 Watykan
30%
36 Szwajcaria
29%
8 Chorwacja
28%
33 Serbia
28%
41 Węgry
27%
6 Bośnia
25%
21 Luksemburg
24%
25 Monako
24%
31 Rumunia
24%
32 San marino
23%
7 Bułgaria
22%
24 Malta
21%
20 Liechtenstein
20%
9 Czarnogóra
19%
23 Macedonia Północna
17%
38 Turcja
11%
Nie znaleziono quizów pasujących do podanych kryteriów
Rozkład punktacji
Procent ludzi z każdym wynikiem
Percentyl według liczby udzielonych odpowiedzi
Twoja historia wyników
Nie rozwiązałeś tego quizu